MARC

LEADER 00000nab a2200000 a 4500
001 vtls000105632
003 SK-MaSNL
005 20260304073813.0
008 250423c1981 xo 0 slo
015 |a SNBRB19rr/mm-uuuuu 
035 |a CL0115735 
035 |a urn:nbn:sk:snk-abdl0q 
035 |a (urnnbn)urn:nbn:sk:snk:ar-000siy 
035 |a (uuid)074b252a-f9f5-4b78-b50d-97e0dc8de740 
040 |a SNKBUCL  |b slo  |c SNKBUCL  |e AACR2 
041 0 |a slo 
044 |a xo  |c SK 
080 |a 82:061.7:06.063:885.4  |2 1981 
080 |a 061.7  |2 1981 
080 |a 06.063  |2 1981 
080 |a 885.4  |2 1981 
100 1 |a Konečný, Stanislav,  |d 1949-  |4 aut  |9 5274 
245 1 0 |a Stabilita a prísľuby  |b XVI. Vansovej Lomnička  |c Stanislav Konečný 
650 0 7 |a recitácie  |2 snkbucl  |9 31371 
650 0 7 |a recitačné súťaže  |2 snkbucl  |9 71896 
650 0 7 |a prehliadky umelecké  |2 snkbucl  |9 1003682 
650 0 7 |a Vansovej Lomnička 1981  |2 snkbucl  |9 1145810 
651 7 |a Stará Ľubovňa (Slovensko)  |2 snkbucl  |9 19193 
655 7 |a články z novín a časopisov  |2 snkbucl  |9 267496 
655 7 |a články z odboru literárna veda a krásna literatúra  |2 snkbucl  |9 770045 
773 0 |t Javisko  |g Roč. 13, č. 12 (1981), s. 741 
850 |a Slovenská národná knižnica 
852 |a Slovenská národná knižnica 
954 |a odborná, vedecká literatúra pôvodná (slovenská)  |2 lita 
958 |a article19 
958 |a OND 
958 |a RK 
958 |a LX 
958 |a EUIPO 
992 |a RBX 
999 |c 2773452  |d 2775382